Random Country Trivia Quiz - Statistics

General Stats
  • This quiz has been taken 176 times
  • The average score is 5 of 15
Answer Stats
Question Answer % Correct
What country produces 63 million pairs of chopsticks every year? China
76%
In which modern-day country was bread invented? Egypt
52%
Which country is notable for its obsession with mayonnaise, a remnant of colonial customs from many decades ago? Democratic Republic of the Congo
48%
In which country was the partial skeleton of the 3.2 billion year old early-human fossil, Lucy, found? Ethiopia
48%
Scientists from which country were able to regenerate a 30,000 thousand year old plant seed? Russia
43%
Tea was introduced to this nation by a Portuguese woman centuries ago. United Kingdom
43%
Freddie Mercury was born in what is now known as what nation? Tanzania
33%
Which nation is known for being home to 11% of the world's avian population? Uganda
33%
Which middle-eastern nation is home to the common game of kite running? Afghanistan
29%
Which modern-day nation are tomatoes known to have originated from? Peru
29%
Which nation is home to the largest-known cave chamber on Earth? Malaysia
24%
What country produces 40% of the world's soccer balls? Pakistan
24%
Which South American nation is home to the River of Seven Colors? Colombia
14%
Which European country guarantees tuition-free university education for every individual, both domestic and foreign? Germany
0%
Which country is known to be highly encouraging of family planning and use of contraceptives? Iran
0%
No matching quizzes found
Score Distribution
Percent of People with Each Score
Percentile by Number Answered
Your Score History
You have not taken this quiz